THE TRAGEDY OF ROMEO AND JULIET / (Record no. 616824)

000 -LEADER
fixed length control field 00386nam a22001337a 4500
020 ## - INTERNATIONAL STANDARD BOOK NUMBER
Qualifying information HB.
040 ## - CATALOGING SOURCE
Transcribing agency FIZZA ISHAQ
082 ## - DEWEY DECIMAL CLASSIFICATION NUMBER
Classification number 822.33
Author Mark WIL
100 ## - MAIN ENTRY--PERSONAL NAME
Personal name SHAKESPEARE,WILLIAM.
9 (RLIN) 11199
245 ## - TITLE STATEMENT
Title THE TRAGEDY OF ROMEO AND JULIET /
Statement of responsibility, etc. WILLIAM SHAKESPEARE.
260 ## - PUBLICATION, DISTRIBUTION, ETC.
Place of publication, distribution, etc. CHINA ;
Name of publisher, distributor, etc. MCDOUGAL LITTELL A HOUGHTON MIFFLIN COMPANY,
Date of publication, distribution, etc. 1997.
300 ## - PHYSICAL DESCRIPTION
Extent 311 P. ;
Dimensions 8.9X5.6IN
942 ## - ADDED ENTRY ELEMENTS (KOHA)
Source of classification or shelving scheme
Koha item type Book
Holdings
Withdrawn status Lost status Source of classification or shelving scheme Damaged status Not for loan Permanent Location Current Location Shelving location Date acquired Total Checkouts Full call number Barcode Date last seen Price effective from Koha item type
          NUST Baluchistan Campus (NBC) NUST Baluchistan Campus (NBC) General Stacks 04/03/2026   822.33 WIL QD-424 04/03/2026 04/03/2026 Book
© 2023 Central Library, National University of Sciences and Technology. All Rights Reserved.